|
|
|
|
| LEADER |
00000cam a2200000 a 4500 |
| 001 |
vtls011720135 |
| 003 |
SK-MaSNL |
| 005 |
20260301044346.0 |
| 008 |
240318s2017 xo g 000 p slo |
| 015 |
|
|
|a SNBA2018/01
|
| 020 |
|
|
|a 9788089703470
|q (viazané)
|
| 035 |
|
|
|a urn:nbn:sk:snk-am00d0ll
|
| 035 |
|
|
|a urn:nbn:sk:snk-am3hhlf
|
| 035 |
|
|
|a 4C5F573A-B4AE-4813-8226-FE552F883B61
|
| 040 |
|
|
|a SNK
|b slo
|c SNK
|e AACR2
|
| 041 |
0 |
|
|a slo
|
| 044 |
|
|
|a xo
|c SK
|
| 072 |
|
7 |
|a 821.162.4-1
|x Slovenská poézia
|2 konspekt
|
| 080 |
|
|
|a 821.162.4-1
|2 2011
|
| 100 |
1 |
|
|a Pechočiaková, Drahomíra,
|d 1945-
|4 aut
|9 189032
|
| 245 |
1 |
0 |
|a Peľ života
|c Drahomíra Pechočiaková
|
| 250 |
|
|
|a 1. vyd.
|
| 260 |
|
|
|a Nitra
|b Garmond
|c 2017
|
| 300 |
|
|
|a 141 strán
|c 24 cm
|
| 655 |
|
7 |
|a slovenská poézia
|2 SNKPH
|9 70444
|
| 655 |
|
7 |
|a Slovak poetry
|2 SNKPHeng
|9 265010
|
| 919 |
|
|
|a 978-80-89703-47-0
|
| 958 |
|
|
|a LX
|
| 999 |
|
|
|c 595821
|d 597751
|
| 952 |
|
|
|a SNK
|b SNK
|y PREZ
|7 0
|p 17A1274458
|o snkSC 176884
|i snk2017/24907
|8 0
|0 0
|1 0
|4 0
|d 2017-11-10
|f 1
|l 0
|r 2025-09-18 00:00:00
|w 2026-02-23
|
| 952 |
|
|
|a SNK
|b SNK
|y VYP
|7 0
|p 17A1274459
|o snkSC 176884 D1
|i snk2017/24908
|8 0
|0 0
|1 0
|4 0
|d 2017-11-10
|l 0
|r 2026-02-23 15:38:19
|w 2026-02-23
|